00583nam a22001817a 450000500170000001000150001702000260003203500140005803700130007208200110008510000230009624500870011926000470020627000760025330000250032970000250035470000220037920230919132619.0 aENG-138147 a9789393199003c226.00 aEN-121679 bDBAD/PUB a346.07 aReddy,K. Harinadha aBusiness Law/cK. Harinadha Reddy, D. J. Indira Priyadarshimi and Seetaram Pradhan aHyderabadbM/s Amaravathi Publishersc2023 a7-1-277/242, 2nd Floor, Near BK Guda Park, S R NagarbHyderabade500038 aviii, 248c25cm(pbk) aPriyadarshani, D. J. aPradhan, Seetaram